Zikr-e-Wazir Agha/ (Record no. 614194)

000 -LEADER
fixed length control field 00582nam a22001697a 4500
082 ## - DEWEY DECIMAL CLASSIFICATION NUMBER
Classification number 928.91439
Author Mark ABI
100 ## - MAIN ENTRY--PERSONAL NAME
Personal name Khurshid, Abid
245 ## - TITLE STATEMENT
Title Zikr-e-Wazir Agha/
Statement of responsibility, etc. Abid Khurshid
260 ## - PUBLICATION, DISTRIBUTION, ETC.
Place of publication, distribution, etc. Faisalabad:
Name of publisher, distributor, etc. Misaal publishers,
Date of publication, distribution, etc. 2016.
300 ## - PHYSICAL DESCRIPTION
Extent 160p.:
Dimensions 26cm.
563 ## - BINDING INFORMATION
Binding note HB
650 ## - SUBJECT ADDED ENTRY--TOPICAL TERM
Topical term or geographic name entry element Agha, Wazir – Criticism and interpretation
880 ## - ALTERNATE GRAPHIC REPRESENTATION
Linkage 100-01\(3\r
Title عابد خورشید
880 ## - ALTERNATE GRAPHIC REPRESENTATION
Linkage 245-02\(3\r
Title ذکرِ وزیر آغا/
b عابد خورشید
880 ## - ALTERNATE GRAPHIC REPRESENTATION
Linkage 260-03\(3\r
Title فیصل آباد:
b مثال پبلشرز,
c 2016.
942 ## - ADDED ENTRY ELEMENTS (KOHA)
Source of classification or shelving scheme
Koha item type Book
650 ## - SUBJECT ADDED ENTRY--TOPICAL TERM
-- 129575
Holdings
Withdrawn status Lost status Source of classification or shelving scheme Damaged status Not for loan Permanent Location Current Location Date acquired Total Checkouts Full call number Barcode Date last seen Price effective from Koha item type
          Central Library (CL) Central Library (CL) 07/09/2025   928.91439 ABI CL-D-2958 07/09/2025 07/09/2025 Book
© 2023 Central Library, National University of Sciences and Technology. All Rights Reserved.